Statistics for Countries beginning with a 'Vowel'

Click here to take the quiz!

General Stats

  • This quiz has been taken 51 times
    (23 since last reset)
  • The average score is 28 of 38

Answer Stats

HintAnswer% Correct
10)Austria
95%
9)Australia
95%
34)United Kingdom
89%
7)Argentina
89%
22)India
84%
26)Ireland
84%
30)Oman
84%
2)Albania
84%
21)Iceland
84%
4)Andorra
84%
11)Azerbaijan
79%
35)United States
79%
13)Ecuador
79%
28)Italy
79%
33)United Arab Emirates
74%
27)Israel
74%
23)Indonesia
74%
36)Uruguay
74%
1)Afghanistan
74%
20)Ethiopia
74%
17)Eritrea
74%
14)Egypt
74%
8)Armenia
74%
38)Yemen
68%
3)Algeria
68%
37)Uzbekistan
68%
18)Estonia
68%
6)Antigua and Barbuda
68%
24)Iran
63%
25)Iraq
63%
31)Uganda
63%
32)Ukraine
63%
5)Angola
63%
16)Equatorial Guinea
58%
15)El Salvador
58%
12)East Timor
53%
29)Ivory Coast
53%
19)eSwatini
47%

Score Distribution

Percentile by Number Answered

Percent of People with Each Score

Your Score History

You have not taken this quiz since the last reset